[Event "Challenger's Cup"]
[Site "Seattle, WA"]
[Date "2015.11.07"]
[Round "2"]
[White "Varner Murlin  (WA)"]
[Black "Tien Andy  (WA)"]
[Result "1-0"]
[WhiteElo "1561"]
[BlackElo "1185"]
[Annotator ""]
[Source ""]
[Remark "Reserve"]

1.c4 e6 2.Nc3 Nf6 3.g3 c6 4.Bg2 d5 5.cxd5 cxd5 6.d4 Nc6 7.Nf3
Be7 8.O-O O-O 9.Re1 Bb4 10.a3 Ba5 11.Bg5 h6 12.Bxf6 Qxf6 13.b4
Bb6 14.e3 Rd8 15.h3 e5 16.Nxe5 Nxe5 17.dxe5 Qxe5 18.Ne2 Bf5 19.Qb3
Rac8 20.Rad1 Bc2 {A nice shot.  It took me a few minutes to come up with the right response.}
21.Rxd5 {!} Qxd5 22.Qxd5 Rxd5 23.Bxd5 Rb8 24.Rc1 Bd3 25.Nf4 Bb5
26.Ng6 Rd8 27.Rc8 Rxc8 28.Ne7+ Kf8 29.Nxc8 Bc6 30.Nxb6 axb6 31.Bxc6
bxc6 {Unstacking the pawns, but the c pawn forms a block against the advancement of the Black King.}
32.Kf1 Ke7 33.Ke2 Kd6 34.Kd3 Kd5 35.e4+ Ke5 36.f4+ Kd6 37.Kc4
b5+ 38.Kd4 f6 39.g4 g5 40.f5 c5+ 41.bxc5+ Kc6 42.e5 fxe5+ 43.Kxe5
Kd7 44.f6 Ke8 45.c6 Kd8 46.Ke6 1-0

[Event "Challenger's Cup"]
[Site "Seattle, WA"]
[Date "2015.11.07"]
[Round "3"]
[White "Huang Ethan  (WA)"]
[Black "Varner Murlin  (WA)"]
[Result "0-1"]
[WhiteElo "970"]
[BlackElo "1561"]
[Annotator ""]
[Source ""]
[Remark "Reserve"]

1.d4 Nf6 2.Bg5 d5 3.e3 Nbd7 4.Bd3 g6 5.Nd2 Bg7 6.f4 h6 7.Bxf6
Nxf6 8.Ngf3 O-O 9.Qe2 c6 10.O-O-O Nd7 11.g4 c5 12.c3 Qa5 13.Kb1
c4 14.Bc2 b5 15.g5 hxg5 16.Nxg5 Nf6 17.e4 Bg4 18.Ngf3 dxe4 19.Nxe4
Nd5 20.Rdg1 Bf5 21.Nfd2 Nxf4 22.Qf3 Nd3 23.Bxd3 cxd3 24.Qxd3
b4 25.c4 Rfd8 26.Nb3 Qc7 {?!} ( 26...Rxd4 ) 27.h4 Qf4 28.Re1
a5 29.d5 e6 30.h5 exd5 31.cxd5 Qe5 32.Re2 Rxd5 33.Nf6+ Qxf6 34.Qxf5
Qxf5+ 35.Kc1 Rc8+ 36.Nc5 Rcxc5+ 37.Rc2 Qxc2# 0-1

[Event "Challengers' Cup"]
[Site "Seattle, WA"]
[Date "2015.11.07"]
[Round "2"]
[White "Allen Robert  (WA)"]
[Black "Lindsey Christian  (WA)"]
[Result "1-0"]
[WhiteElo "1700"]
[BlackElo "828"]
[Annotator ""]
[Source ""]
[Remark "Reserve"]

1.d4 d5 2.c4 Nf6 3.Nc3 e6 4.Bg5 Be7 5.Nf3 O-O 6.e3 Bd7 7.Bxf6
Bxf6 8.cxd5 exd5 9.Nxd5 Bg5 10.Nxg5 c6 11.Nxh7 cxd5 12.Nxf8 Qxf8
13.Bd3 Nc6 14.Qh5 g6 15.Qxd5 Be6 16.Qb5 Rb8 17.a3 Qd6 18.Rc1
a6 19.Qg5 Nxd4 20.exd4 Qxd4 21.Qg3 Rd8 22.Rc3 Bc4 23.O-O b5 24.Bxc4
bxc4 25.Qc7 Qd2 26.Rxc4 Qxb2 27.Qxd8+ Kg7 28.Rh4 f5 29.Qe7+ Kg8
30.Rh7 f4 31.Qf7# 1-0

[Event "Challengers' Cup"]
[Site "Seattle, WA"]
[Date "2015.11.08"]
[Round "4"]
[White "Boyd Thomas  (CA)"]
[Black "Beck Alec  (WA)"]
[Result "1-0"]
[WhiteElo "1614"]
[BlackElo "1503"]
[Annotator ""]
[Source ""]
[Remark "Reserve"]

1.d4 d5 2.Nc3 Nf6 3.e4 dxe4 4.f3 exf3 5.Nxf3 Bg4 6.Bf4 a6 7.h3
Bxf3 8.Qxf3 Nc6 9.d5 Nb4 10.O-O-O a5 11.Bb5+ Nd7 12.a3 Na6 13.d6
exd6 14.Qxb7 Nac5 15.Bxd7+ Nxd7 16.Nd5 Rc8 17.Rhe1+ Ne5 18.Bxe5
dxe5 19.Rxe5+ Be7 20.Nxe7 Qxe7 21.Rxe7+ ( 21.Qxc8# ) 1-0

[Event "Challengers' Cup"]
[Site "Seattle, WA"]
[Date "2015.11.08"]
[Round "4"]
[White "Juchau Dave  (WA)"]
[Black "Elisara Travis  (WA)"]
[Result "0-1"]
[WhiteElo "1612"]
[BlackElo "1557"]
[Annotator ""]
[Source ""]
[Remark "Reserve"]

1.e4 c5 2.Nc3 g6 3.f4 Bg7 4.Nf3 Nc6 5.Bc4 e6 6.f5 Nge7 7.fxe6
fxe6 8.O-O O-O 9.d3 d5 10.exd5 exd5 11.Bb3 Bg4 12.Bg5 Qd7 13.Qd2
Bxf3 14.Rxf3 Rxf3 15.gxf3 Nd4 16.Rf1 Nxb3 17.axb3 Nf5 18.Ne2
Re8 19.Kg2 h6 20.Bf4 g5 21.Bg3 Ne3+ 22.Kg1 Nxf1 23.Kxf1 Qh3+
24.Kf2 Bf6 25.c3 h5 26.Ng1 Qf5 27.Kg2 g4 28.Qf4 gxf3+ 29.Qxf3
Qxf3+ 30.Kxf3 Bg5 31.Ne2 Re3+ 0-1

[Event "Challengers' Cup"]
[Site "Seattle, WA"]
[Date "2015.11.08"]
[Round "4"]
[White "Hasuike Mike  (OR)"]
[Black "Zhang Kyle  (WA)"]
[Result "1/2-1/2"]
[WhiteElo "1500"]
[BlackElo "1168"]
[Annotator ""]
[Source ""]
[Remark "Reserve"]

1.d4 d5 2.e3 Nf6 3.Bd3 Nc6 4.f4 e6 5.Nd2 Bd6 6.c3 O-O 7.Qf3 b6
8.Nh3 h6 9.O-O Ne7 10.g4 Bd7 11.Re1 c5 12.Nf1 c4 13.Bc2 b5 14.a3
a5 15.Bd2 b4 16.axb4 axb4 17.cxb4 Qb6 18.g5 hxg5 19.fxg5 Nh7
20.Qg2 Bxb4 21.Bxb4 Qxb4 22.Nf4 f5 23.Rab1 Ra2 24.Re2 Qa5 1/2-1/2

[Event "Challengers' Cup"]
[Site "Seattle, WA"]
[Date "2015.11.07"]
[Round "1"]
[White "Haining Kyle  (WA)"]
[Black "Miller Travis  (ID)"]
[Result "1/2-1/2"]
[WhiteElo "2197"]
[BlackElo "1819"]
[Annotator ""]
[Source ""]
[Remark "Open"]

1.e4 e6 2.d4 d5 3.Nd2 Nc6 4.Ngf3 Nf6 5.e5 Nd7 6.Nb3 a5 7.a4 Be7
8.Bb5 Na7 9.Bd3 b6 10.O-O c5 11.c4 Bb7 12.Qe2 Rc8 13.Rd1 Qc7
14.Bf4 Qb8 15.Nbd2 dxc4 16.Bxc4 Qa8 17.Ba6 Bxa6 18.Qxa6 c4 19.Bg5
Rc6 20.Nxc4 Nb8 21.Nd6+ Bxd6 22.Qd3 Bb4 23.d5 exd5 24.Qxd5 O-O
25.Nd4 Na6 26.Nxc6 Nxc6 1/2-1/2

[Event "Challengers' Cup"]
[Site "Seattle, WA"]
[Date "2015.11.07"]
[Round "1"]
[White "Raptis Nick  (OR)"]
[Black "Arganian David (WA)"]
[Result "1-0"]
[WhiteElo "2379"]
[BlackElo "2000"]
[Annotator ""]
[Source ""]
[Remark "Open"]

1.d4 Nf6 2.Nf3 d5 3.g3 Bf5 4.Bg2 c6 5.c4 Bxb1 6.Rxb1 Qa5+ 7.Bd2
Qxa2 8.c5 b5 9.Ra1 Qxb2 10.O-O Ne4 11.Ba5 Nd7 12.Qd3 Ndxc5 13.dxc5
Nxc5 14.Qe3 e6 15.Nd4 b4 16.Nxc6 Qc3 17.Qxc3 bxc3 18.Bxc3 a6
19.Rfb1 Kd7 20.Ne5+ 1-0

[Event "Challengers' Cup"]
[Site "Seattle, WA"]
[Date "2015.11.07"]
[Round "1"]
[White "Deng Samuel  (WA)"]
[Black "Parker David  (RI)"]
[Result "0-1"]
[WhiteElo "1615"]
[BlackElo "2040"]
[Annotator ""]
[Source ""]
[Remark "Open"]

1.d4 d5 2.c4 c6 3.Nc3 Nf6 4.e3 e6 5.Qc2 Nbd7 6.Nf3 Bd6 7.Bd3
dxc4 8.Bxc4 O-O 9.O-O e5 10.Rd1 Qc7 11.h3 h6 12.e4 Re8 13.dxe5
Nxe5 14.Nxe5 Bxe5 15.Bd3 Nh5 16.Ne2 Re6 17.Rf1 Rg6 18.Kh1 Bxh3
19.gxh3 Qd7 20.Ng1 Rxg1+ 21.Kxg1 Qxh3 22.f3 Bd4+ 23.Rf2 Ng3 0-1

[Event "Challengers' Cup"]
[Site "Seattle, WA"]
[Date "2015.11.07"]
[Round "1"]
[White "Zhang Brendan  (WA)"]
[Black "Sang Tian  (WA)"]
[Result "0-1"]
[WhiteElo "1939"]
[BlackElo "2348"]
[Annotator ""]
[Source ""]
[Remark "Open"]

1.d4 f5 2.c4 Nf6 3.Nc3 e6 4.Nf3 Bb4 5.Bd2 O-O 6.a3 Bxc3 7.Bxc3
Ne4 8.e3 b6 9.Bd3 Bb7 10.Qb3 d6 11.h4 h6 12.Rh2 Nd7 13.Nd2 Nxc3
14.Qxc3 e5 15.O-O-O Qf6 16.Rg1 Rae8 17.g4 fxg4 18.Rxg4 exd4 19.exd4
c5 20.Ne4 Bxe4 21.Bxe4 cxd4 22.Qd2 Rxe4 23.Rxe4 Nc5 24.Qe2 Qg6
25.Rg4 Nb3+ 0-1

[Event "Challengers' Cup"]
[Site "Seattle, WA"]
[Date "2015.11.07"]
[Round "2"]
[White "Fletcher Andrew  (WA)"]
[Black "Elisara Travis  (WA)"]
[Result "0-1"]
[WhiteElo "1324"]
[BlackElo "1557"]
[Annotator ""]
[Source ""]
[Remark "Reserve"]

1.e4 c5 2.Nf3 g6 3.d4 cxd4 4.Nxd4 Nf6 5.Nc3 Nc6 6.Be3 Bg7 7.Qd2
Ng4 8.Nb3 Nxe3 9.Qxe3 O-O 10.f4 d6 11.O-O-O Bd7 12.Bc4 Rc8 13.Be2
a5 14.h4 h5 15.g4 Bh6 16.gxh5 e5 17.Qg1 Bxf4+ 18.Nd2 Nd4 19.hxg6
Rxc3 20.bxc3 Nxe2+ 21.Kb1 Nxg1 22.Rhxg1 Bxd2 23.Rxd2 Qb6+ 0-1

[Event "Challengers' Cup"]
[Site "Seattle, WA"]
[Date "2015.11.07"]
[Round "2"]
[White "Skorchenko Dmitry  (WA)"]
[Black "Colasurdo James  (WA)"]
[Result "1-0"]
[WhiteElo "2563"]
[BlackElo "2065"]
[Annotator ""]
[Source ""]
[Remark "Open"]

1.e4 c5 2.Nf3 e6 3.Nc3 a6 4.d4 cxd4 5.Nxd4 b5 6.Bd3 Bb7 7.O-O
d6 8.Re1 Nd7 9.a4 b4 10.Na2 a5 11.c3 bxc3 12.Nxc3 Be7 13.Bb5
Rc8 14.Nb3 Ngf6 15.Bf4 e5 16.Bd2 O-O 17.Bxd7 Nxd7 18.Nb5 Ra8
19.Bc3 Nf6 20.f3 Qb6+ 21.Kh1 Ra6 22.Nd2 Rc8 23.b3 Ne8 24.Nc4
Qd8 25.Qd2 Rca8 26.Rad1 f6 27.Qa2 Bc8 28.Bxa5 Rxa5 29.Nxa5 Be6
30.Nc6 1-0

[Event "Challenger's Cup"]
[Site "Seattle, WA"]
[Date "2015.11.08"]
[Round "4"]
[White "Varner Murlin  (WA)"]
[Black "Mathews Dan  (WA)"]
[Result "0-1"]
[WhiteElo "1561"]
[BlackElo "1724"]
[Annotator ""]
[Source ""]
[Remark "Reserve"]

1.c4 e5 2.Nc3 Nf6 3.g3 h5 4.Bg2 h4 5.e4 d6 6.d3 Nc6 7.Bg5 hxg3
8.hxg3 Rxh1 9.Bxh1 Bg4 10.Bxf6 Bxd1 11.Bxd8 Bc2 12.Kd2 Bxd3 13.Kxd3
Rxd8 14.Nd5 Kd7 15.Bf3 Kc8 16.Ne2 Ne7 17.Bg4+ Kb8 18.f4 Ng8 19.Rh1
Nh6 20.Bf3 c6 21.Ndc3 Be7 22.b4 Bf6 23.b5 exf4 24.gxf4 Rd7 25.bxc6
bxc6 26.Rb1+ Kc7 27.Ke3 g5 28.fxg5 Bxg5+ 29.Nf4 ( 29.Kd3 ) Re7
30.Rg1 {?} ( 30.Nce2 ) Nf5+ 31.Kf2 Bxf4 32.exf5 Be3+ 33.Kg2 Bxg1
34.Kxg1 Re3 35.Bxc6 Rxc3 36.Bd5 f6 37.Kf2 Kb6 38.Ke2 Kc5 39.Kd2
Kd4 40.Bf7 Ra3 41.Ke1 Rxa2 42.c5 Ra1+ 43.Kf2 dxc5 0-1

[Event "Challengers' Cup"]
[Site "Seattle, WA"]
[Date "2015.11.07"]
[Round "2"]
[White "Yang Richard  (WA)"]
[Black "Haining Kyle  (WA)"]
[Result "0-1"]
[WhiteElo "1701"]
[BlackElo "2197"]
[Annotator ""]
[Source ""]
[Remark "Open"]

1.e4 g6 2.Nf3 Bg7 3.d4 d6 4.Nc3 Nf6 5.Bf4 O-O 6.Bc4 Nxe4 7.Nxe4
d5 8.Bxc7 Qxc7 9.Bxd5 Qa5+ 10.Nc3 Rd8 11.Bb3 Bg4 12.Qd3 Nc6 13.d5
Nb4 14.Qc4 Bxf3 15.gxf3 Rac8 16.Qe4 Nxd5 17.O-O-O Nxc3 18.Rxd8+
Rxd8 19.bxc3 Qa3+ 20.Kb1 Bxc3 21.Bxf7+ Kf8 22.Qxb7 Be5 23.Qb3
Rb8 24.Qxb8+ Bxb8 25.Bd5 Be5 26.c3 Qxc3 27.Rc1 Qb2# 0-1

[Event "Challengers' Cup"]
[Site "Seattle, WA"]
[Date "2015.11.08"]
[Round "3"]
[White "Colasurdo James  (WA)"]
[Black "Shaji Karthik  (WA)"]
[Result "1/2-1/2"]
[WhiteElo "2065"]
[BlackElo "1787"]
[Annotator ""]
[Source ""]
[Remark "Open"]

1.e4 c5 2.Nf3 d6 3.d4 cxd4 4.Nxd4 Nf6 5.Nc3 a6 6.f3 e6 7.Be3
b5 8.Bd3 Nbd7 9.g4 h6 10.h4 Bb7 11.a3 d5 12.exd5 Nxd5 13.Nxd5
Bxd5 14.Qe2 Nc5 15.O-O-O Qa5 16.Bd2 Qc7 17.Rhe1 Be7 18.Bb4 Bxh4
19.Bxb5+ Kf8 20.Bc6 Bxc6 21.Bxc5+ Kg8 22.Nxe6 fxe6 23.Qxe6+ Kh7
24.Rh1 Bg5+ 25.Kb1 Rhd8 26.Qf5+ Kg8 1/2-1/2

[Event "Challengers' Cup"]
[Site "Seattle, WA"]
[Date "2015.11.08"]
[Round "3"]
[White "Ahluwalia Anshul  (WA)"]
[Black "Yang Richard  (WA)"]
[Result "1-0"]
[WhiteElo "1639"]
[BlackElo "1701"]
[Annotator ""]
[Source ""]
[Remark "Open"]

1.d4 d5 2.c4 e6 3.Nf3 c5 4.cxd5 exd5 5.g3 Nf6 6.Bg2 Nc6 7.O-O
Qb6 8.e3 Bg4 9.Nc3 O-O-O 10.Na4 Qb5 11.Nxc5 Bxc5 12.dxc5 Qxc5
13.Qa4 Ne4 14.Nd4 Bd7 15.Nxc6 Bxc6 16.Qd4 f6 17.b4 Qc4 18.Bb2
Qxd4 19.Bxd4 a6 20.Rfc1 Kd7 21.a4 Nd2 22.Bb6 Rde8 23.Rc2 Nc4
24.Bc5 f5 25.Rd1 Ke6 26.b5 axb5 27.axb5 Rd8 28.bxc6 bxc6 29.Bf1
Ne5 30.Bd4 Rc8 31.Bxe5 Kxe5 32.Rdc1 Kd6 33.Bb5 c5 34.Rd1 Ke5
35.f4+ Ke6 36.Rcd2 Rhd8 37.Bc4 dxc4 38.Rxd8 Rxd8 39.Rxd8 c3 40.Rd1
c4 41.Rc1 Kd5 42.Rxc3 Kc5 43.Kf2 Kb4 44.Rc1 Kb3 45.Ke2 c3 46.Kd3
Kb2 47.Rxc3 g6 48.Rc7 h6 49.Rg7 g5 50.fxg5 f4 51.exf4 hxg5 52.Rxg5
Kc1 53.f5 Kd1 54.f6 1-0

[Event "Challengers' Cup"]
[Site "Seattle, WA"]
[Date "2015.11.08"]
[Round "5"]
[White "Schmidt Karen  (WA)"]
[Black "Lindsey Christian  (WA)"]
[Result "1-0"]
[WhiteElo "782"]
[BlackElo "828"]
[Annotator ""]
[Source ""]
[Remark "Reserve"]

1.d4 d5 2.c4 dxc4 3.e3 b5 4.Nc3 a6 5.a4 e6 6.axb5 Bb7 7.Bxc4
Bxg2 8.bxa6 Bxh1 9.Qa4+ Bc6 10.Bb5 Nxa6 11.Bxc6+ Ke7 12.Bxa8
Qxa8 13.e4 Nf6 14.Bg5 h6 15.Bxf6+ Kxf6 16.e5+ Kg6 17.Qc2+ f5
18.O-O-O Nb4 19.Qb3 Be7 20.Qxe6+ Kh7 21.Qxf5+ g6 22.Qf7# 1-0

[Event "Challengers' Cup"]
[Site "Seattle, WA"]
[Date "2015.11.08"]
[Round "4"]
[White "Sherrard Jerry  (OR)"]
[Black "Shaji Karthik  (WA)"]
[Result "1-0"]
[WhiteElo "2054"]
[BlackElo "1787"]
[Annotator ""]
[Source ""]
[Remark "Open"]

1.e4 c5 2.Nf3 d6 3.d4 cxd4 4.Nxd4 Nf6 5.Nc3 a6 6.Be2 e6 7.g4
h6 8.h4 b5 9.g5 hxg5 10.Bxg5 Nbd7 11.a3 Bb7 12.f4 Qc7 13.Bf3
Be7 14.Qe2 Rc8 15.O-O-O Nb6 16.Bxf6 gxf6 17.Bh5 Kf8 18.Rhg1 Rg8
19.Rxg8+ Kxg8 20.Qg4+ Kf8 21.Rg1 Ke8 22.Bxf7+ 1-0

[Event "Challengers' Cup"]
[Site "Seattle, WA"]
[Date "2015.11.08"]
[Round "5"]
[White "Jiang Brandon  (WA)"]
[Black "Haining Breck  (WA)"]
[Result "1-0"]
[WhiteElo "1250"]
[BlackElo "1345"]
[Annotator ""]
[Source ""]
[Remark "Reserve"]

1.e4 g6 2.d4 Bg7 3.Nf3 d6 4.Bc4 Nf6 5.Nc3 O-O 6.Qe2 c5 7.e5 dxe5
8.dxe5 Nfd7 9.e6 fxe6 10.Bxe6+ Kh8 11.O-O Nb6 12.Ng5 Qe8 13.Nb5
Na6 14.Bxc8 Nxc8 15.Ne6 Rf7 16.Nbc7 Nxc7 17.Nxc7 Qd8 18.Nxa8
Nd6 19.c3 Qxa8 20.Be3 c4 21.Bc5 b6 22.Bxd6 exd6 23.Qe6 Qf8 24.Rfe1
Rxf2 25.Rf1 Rxf1+ 26.Rxf1 Qd8 27.Qd5 b5 28.b3 Qb6+ 29.Kh1 Be5
30.Qa8+ Kg7 31.Qf8# 1-0

[Event "Challengers' Cup"]
[Site "Seattle, WA"]
[Date "2015.11.08"]
[Round "5"]
[White "Bonrud Neal  (WA)"]
[Black "Juchau Dave  (WA)"]
[Result "1-0"]
[WhiteElo "1746"]
[BlackElo "1612"]
[Annotator ""]
[Source ""]
[Remark "Reserve"]

1.e4 d5 2.exd5 Qxd5 3.Nc3 Qa5 4.d4 c6 5.Nf3 Bg4 6.Bd2 Qc7 7.Bc4
Nf6 8.Qe2 Nbd7 9.O-O-O e6 10.h3 Bf5 11.Nh4 Nb6 12.Nxf5 Nxc4 13.Nxg7+
Bxg7 14.Qxc4 O-O-O 15.Rhe1 Rhg8 16.g3 b5 17.Qd3 Qb6 18.Be3 Qa5
19.Kb1 a6 20.Ne4 h6 21.Nxf6 Bxf6 22.Qe4 Kb7 23.Qh7 Qc7 24.Qxh6
Qe7 25.Qf4 e5 26.dxe5 Bxe5 27.Qf3 Qb4 28.Qxf7+ Bc7 29.Bf4 1-0

[Event "Challengers' Cup"]
[Site "Seattle, WA"]
[Date "2015.11.08"]
[Round "5"]
[White "Hasuike Mike  (OR)"]
[Black "Shubin Daniel  (WA)"]
[Result "1-0"]
[WhiteElo "1500"]
[BlackElo "1494"]
[Annotator ""]
[Source ""]
[Remark "Reserve"]

1.d4 d5 2.e3 Nf6 3.Bd3 Bg4 4.Nf3 Nbd7 5.Nbd2 e6 6.b3 c5 7.Bb2
Bh5 8.O-O Bg6 9.Ne5 Bd6 10.f4 Be4 11.Bxe4 Nxe4 12.Nxe4 dxe4 13.Qe2
cxd4 14.exd4 Nf6 15.Qb5+ Nd7 16.Qxb7 Bxe5 17.fxe5 f5 18.Qc6 Ke7
19.Ba3+ Kf7 20.d5 Re8 21.g4 Nxe5 22.dxe6+ Rxe6 23.Rxf5+ Rf6 24.Qxe4
Qb6+ 25.Kg2 Rd8 26.Rxf6+ gxf6 27.Qxh7+ Ke6 28.Qe7+ Kd5 29.Rd1+
Ke4 30.Qxd8 Qe3 31.Qd5+ Kf4 32.Bc1 1-0

[Event "Challengers' Cup"]
[Site "Seattle, WA"]
[Date "2015.11.08"]
[Round "4"]
[White "Anand Vignesh  (WA)"]
[Black "Deng Samuel  (WA)"]
[Result "1/2-1/2"]
[WhiteElo "1513"]
[BlackElo "1615"]
[Annotator ""]
[Source ""]
[Remark "Open"]

1.d4 Nf6 2.Nf3 e6 3.Bf4 c5 4.e3 Nc6 5.c3 Be7 6.h3 O-O 7.Nbd2
b6 8.Bd3 Bb7 9.O-O d6 10.Bh2 Nd7 11.Qe2 d5 12.Rfe1 Bf6 13.Rad1
Re8 14.Nf1 g6 15.Bb1 Qc8 16.Qd2 Bg7 17.Ng3 Ba6 18.e4 Nf6 19.exd5
exd5 20.Rxe8+ Qxe8 21.Re1 Qd7 22.Ne5 Qc8 23.Ne2 1/2-1/2

[Event "Challengers' Cup"]
[Site "Seattle, WA"]
[Date "2015.11.07"]
[Round "1"]
[White "Collyer Curt  (WA)"]
[Black "Shaji Karthik  (WA)"]
[Result "1-0"]
[WhiteElo "2314"]
[BlackElo "1787"]
[Annotator ""]
[Source ""]
[Remark "Open"]

1.d4 Nf6 2.c4 g6 3.Nc3 d5 4.Nf3 Bg7 5.Bg5 Ne4 6.cxd5 Nxc3 7.bxc3
Qxd5 8.e3 c5 9.Be2 Nc6 10.O-O O-O 11.Bh4 cxd4 12.cxd4 b6 13.Nd2
Bb7 14.Bf3 Qd7 15.Rc1 e5 16.Qa4 Rac8 17.d5 Ba8 18.dxc6 Qxd2 19.Qxa7
Qa5 20.Qxa5 bxa5 21.Rc5 Rfe8 22.Rfc1 e4 23.Bg4 f5 24.Be2 Re5
25.R5c2 Ree8 26.c7 Bb7 27.Bb5 Re5 28.Bd7 Rd5 29.Be6+ Kf8 30.Bxd5
Bxd5 31.Rd1 1-0

[Event "Challengers' Cup"]
[Site "Seattle, WA"]
[Date "2015.11.07"]
[Round "1"]
[White "Elisara Travis  (WA)"]
[Black "Sunku Charith  (WA)"]
[Result "1-0"]
[WhiteElo "1557"]
[BlackElo "1025"]
[Annotator ""]
[Source ""]
[Remark "Reserve"]

1.Nc3 d5 2.d4 Nf6 3.Bg5 Nbd7 4.e3 c6 5.Bd3 e5 6.dxe5 Nxe5 7.a3
Be6 8.f4 Bg4 9.Nf3 Nxf3+ 10.gxf3 Bh5 11.Qe2 h6 12.Bh4 Bd6 13.O-O-O
Qe7 14.Rhg1 d4 15.Ne4 Qc7 16.Bxf6 gxf6 17.Nxf6+ Ke7 18.Nxh5 Rae8
19.exd4+ Kd8 20.Qd2 Re6 21.Kb1 Rhe8 22.f5 Re3 23.Nf6 1-0

[Event "Challengers' Cup"]
[Site "Seattle, WA"]
[Date "2015.11.07"]
[Round "3"]
[White "Lindsey Christian  (WA)"]
[Black "Sunku Charith  (WA)"]
[Result "0-1"]
[WhiteElo "828"]
[BlackElo "1025"]
[Annotator ""]
[Source ""]
[Remark "Reserve"]

1.e4 e6 2.d4 d5 3.e5 c5 4.Nf3 Nc6 5.Be3 cxd4 6.Nxd4 Nxe5 7.Nf3
Nc6 8.g3 Nf6 9.Bg2 Ng4 10.Bf4 Bc5 11.O-O e5 12.Bg5 Qb6 13.Qd2
f6 14.Bf4 Be6 15.h3 Nxf2 16.Rxf2 Bxf2+ 17.Qxf2 Qxf2+ 18.Kxf2
exf4 19.gxf4 O-O-O 20.Nc3 Bf5 21.Ne1 Nb4 22.Rc1 d4 23.Ne4 Rhe8
24.Ng3 Bxc2 25.Nxc2 Nd3+ 26.Kf3 Nxc1 27.Nf5 d3 28.Nce3 d2 29.Nxg7
Rxe3+ 30.Kxe3 d1Q 31.Nf5 Qe2# 0-1

[Event "Challengers' Cup"]
[Site "Seattle, WA"]
[Date "2015.11.07"]
[Round "3"]
[White "Allen Robert  (WA)"]
[Black "Schmidt Karen  (WA)"]
[Result "1-0"]
[WhiteElo "1700"]
[BlackElo "782"]
[Annotator ""]
[Source ""]
[Remark "Reserve"]

1.d4 d5 2.c4 e6 3.Nc3 Nc6 4.Nf3 h6 5.e3 Bd6 6.cxd5 exd5 7.Nxd5
Bb4+ 8.Nxb4 Nxb4 9.Qa4+ Nc6 10.Ne5 Qd5 11.Bd2 Nf6 12.Nxc6 bxc6
13.Rc1 Bd7 14.Rc5 Qe4 15.Re5+ Qxe5 16.dxe5 Ng4 17.Bc3 O-O 18.h3
Nxf2 19.Kxf2 f6 20.Bc4+ Kh8 21.e6 Bxe6 22.Bxe6 c5 23.Rd1 Rad8
24.Rxd8 Rxd8 25.Qg4 Rf8 26.Qg6 Rg8 27.Bf5 1-0

[Event "Challengers' Cup"]
[Site "Seattle, WA"]
[Date "2015.11.08"]
[Round "4"]
[White "Fletcher Andrew  (WA)"]
[Black "Schmidt Karen  (WA)"]
[Result "1-0"]
[WhiteElo "1324"]
[BlackElo "782"]
[Annotator ""]
[Source ""]
[Remark "Reserve"]

1.e4 e5 2.Nf3 Nc6 3.Bc4 Nge7 4.c3 d6 5.Ng5 Be6 6.Bxe6 fxe6 7.Qb3
d5 8.Nxe6 Qd7 9.exd5 Qxd5 10.Nxc7+ Kd7 11.Nxd5 Na5 12.Qb5+ Nec6
13.b4 Nc4 14.Qxb7+ Kd6 15.Qxa8 Kxd5 16.b5 N4a5 17.bxc6 Nxc6 18.c4+
Kc5 19.Ba3+ Nb4 20.Bxb4+ Kxb4 21.Qxa7 Kxc4 22.O-O g5 23.Na3+
Kd3 24.Qe3# 1-0

[Event "Challengers' Cup"]
[Site "Seattle, WA"]
[Date "2015.11.08"]
[Round "3"]
[White "Petrov Oscar  (WA)"]
[Black "Sherrard Jerry  (OR)"]
[Result "1/2-1/2"]
[WhiteElo "1716"]
[BlackElo "2054"]
[Annotator ""]
[Source ""]
[Remark "Open"]

1.e4 c5 2.Nc3 Nc6 3.f4 e6 4.Bc4 Nge7 5.d3 d5 6.Bb3 Nd4 7.Nf3
Nxb3 8.axb3 a6 9.O-O d4 10.Ne2 Nc6 11.Qe1 Be7 12.g4 Nb4 13.Qd1
O-O 14.Bd2 Nc6 15.Qe1 f5 16.gxf5 exf5 17.e5 h6 18.Qg3 Be6 19.Kf2
Kh8 20.Rg1 Rg8 21.Qg6 Bh4+ 22.Kf1 Bd5 23.Ng5 Bxg5 24.Rxg5 Ne7
25.Qh5 Qb6 26.Kf2 Raf8 27.Rag1 Bf7 28.Qh3 Kh7 29.Ng3 g6 30.Re1
Rg7 31.Rg1 Kg8 32.Nh5 Nd5 33.Nf6+ Nxf6 34.exf6 hxg5 35.fxg7 Kxg7
36.fxg5 Rh8 37.Qg3 Re8 38.Re1 Rxe1 39.Kxe1 Qe6+ 40.Kd1 Qd5 41.c4
dxc3 42.Bxc3+ Kf8 43.Qb8+ Be8 44.Kc2 Qg2+ 45.Bd2 1/2-1/2

[Event "Challengers' Cup"]
[Site "Seattle, WA"]
[Date "2015.11.07"]
[Round "1"]
[White "Colasurdo James  (WA)"]
[Black "Seshadri Sridhar  (WA)"]
[Result "1-0"]
[WhiteElo "2065"]
[BlackElo "1634"]
[Annotator ""]
[Source ""]
[Remark "Open"]

1.e4 d5 2.exd5 Qxd5 3.Nc3 Qd8 4.Bc4 Nf6 5.Nf3 e6 6.O-O Be7 7.d3
O-O 8.a3 a6 9.b4 b5 10.Bb3 Bb7 11.Bb2 Nbd7 12.Qe2 Bd6 13.Ng5
Nd5 14.Nce4 Be5 15.Bxe5 Nxe5 16.Qh5 h6 17.Nxe6 fxe6 18.Qxe5 Nf4
19.Bxe6+ Kh8 20.Bg4 Qh4 21.f3 Ne2+ 22.Kh1 Bxe4 23.dxe4 Rae8 24.Qxc7
h5 25.g3 Nxg3+ 26.Qxg3 Qxg3 27.hxg3 hxg4 28.Kg2 Rf6 29.Rae1 Rc6
30.fxg4 Rxc2+ 31.Rf2 Rc3 32.Rf3 Rc2+ 33.Kf1 Kh7 34.e5 Re6 35.Ree3
Rh6 36.Rf2 Rc1+ 37.Kg2 Re6 38.Rf4 Kg6 39.Kf3 Rf1+ 40.Ke4 Rd1
41.Rff3 Kg5 42.Rd3 Re1+ 43.Rfe3 Rxe3+ 44.Rxe3 Kxg4 45.Kd5 Re8
46.e6 Rd8+ 47.Kc6 Kf5 48.e7 1-0

[Event "Challengers' Cup"]
[Site "Seattle, WA"]
[Date "2015.11.07"]
[Round "1"]
[White "Huang Ethan  (WA)"]
[Black "Hasuike Mike  (OR)"]
[Result "1/2-1/2"]
[WhiteElo "970"]
[BlackElo "1500"]
[Annotator ""]
[Source ""]
[Remark "Reserve"]

1.d4 Nf6 2.Bg5 e6 3.e3 Be7 4.Bd3 b6 5.f4 Bb7 6.Nf3 d5 7.Nbd2
Ne4 8.Bxe7 Qxe7 9.Qe2 Nd7 10.O-O-O O-O-O 11.Ba6 f5 12.Ne5 Nxe5
13.fxe5 Qb4 14.Nxe4 dxe4 15.a3 Qa5 16.Bxb7+ Kxb7 17.Qc4 Rhe8
18.Rhg1 Rd5 19.g4 g6 20.gxf5 exf5 21.h4 Re6 22.Qb3 Qb5 23.Qxb5
Rxb5 24.b4 Rd5 25.Kb2 Rd8 26.Kb3 c6 27.c4 a6 28.c5 b5 29.h5 Rd7
30.hxg6 hxg6 31.Rh1 Ree7 32.Rh6 Rxe5 33.Rxg6 Ree7 34.Rf1 Rg7
35.Rf6 Rg3 36.Re1 Rxd4 37.Rf7+ Kb8 38.Rh1 Rd3+ 39.Kc2 Rg2+ 40.Kc1
Rc3+ 1/2-1/2

[Event "Challengers' Cup"]
[Site "Seattle, WA"]
[Date "2015.11.08"]
[Round "5"]
[White "Mathews Daniel  (WA)"]
[Black "Elisara Travis  (WA)"]
[Result "0-1"]
[WhiteElo "1724"]
[BlackElo "1557"]
[Annotator ""]
[Source ""]
[Remark "Reserve"]

1.d4 Nf6 2.Nf3 g6 3.g3 Bg7 4.Bg2 d6 5.O-O O-O 6.Nc3 c5 7.dxc5
dxc5 8.Qxd8 Rxd8 9.Be3 Na6 10.h3 Nd5 11.Nxd5 Rxd5 12.c3 Rd8 13.a3
Be6 14.Rad1 Bb3 15.Rc1 b6 16.Nh2 Rab8 17.Ng4 e5 18.f4 Re8 19.fxe5
h5 20.Nh6+ Kh7 21.Nxf7 Nc7 22.c4 Ne6 23.Bd5 Nd4 24.Bxd4 cxd4
25.Ng5+ Kh6 26.h4 ( 26.Nf7+ Kh7 27.Rf3 Ba4 28.b3 Bd7 29.e6 {+-} )
Bxe5 27.Rf7 Bg7 28.Ne6 {?} ( 28.Rcf1 ) Rxe6 29.Bxe6 Re8 30.Bd5
Rxe2 31.Rcf1 ( 31.Bf3 Re3 32.Kf2 ) d3 32.R7f3 Bc2 33.Rf7 Bd4+
34.Kh1 d2 35.Bf3 Re1 36.Bg2 d1Q 0-1

[Event "Challengers' Cup"]
[Site "Seattle, WA"]
[Date "2015.11.08"]
[Round "4"]
[White "Petrov Oscar  (WA)"]
[Black "Haining Kyle  (WA)"]
[Result "0-1"]
[WhiteElo "1716"]
[BlackElo "2197"]
[Annotator ""]
[Source ""]
[Remark "Open"]

1.e4 g6 2.d4 Bg7 3.Nc3 d6 4.f4 Nf6 5.Bd3 O-O 6.Nf3 Na6 7.O-O
c5 8.d5 Rb8 9.h3 b5 10.e5 dxe5 11.fxe5 Nxd5 12.Nxb5 Ndb4 13.Nc3
Nxd3 14.cxd3 Nb4 15.d4 cxd4 16.Qxd4 Qxd4+ 17.Nxd4 Bxe5 18.Be3
Bxd4 19.Bxd4 Nc6 20.Be3 Rxb2 21.Rad1 Kg7 22.Rd3 Ba6 23.Rd7 Bxf1
24.Kxf1 Rc2 25.Nd5 e6 26.Nc7 Kf6 27.Bh6 Rb8 28.Kg1 Ne5 29.Rd1
Rxc7 30.Bf4 Rcb7 31.Re1 Nd3 32.Rf1 Nxf4 33.Rxf4+ Ke7 34.Kh2 f5
35.Rh4 e5 36.Rxh7+ Kf6 37.Rxb7 Rxb7 38.a4 e4 39.h4 e3 40.h5 e2
41.h6 e1Q 42.h7 Rxh7# 0-1

[Event "Challengers' Cup"]
[Site "Seattle, WA"]
[Date "2015.11.08"]
[Round "4"]
[White "Colasurdo James  (WA)"]
[Black "Ahluwalia Anshul  (WA)"]
[Result "1-0"]
[WhiteElo "2065"]
[BlackElo "1639"]
[Annotator ""]
[Source ""]
[Remark "Open"]

1.d4 d5 2.c4 e6 3.Nc3 Nf6 4.Bg5 Nbd7 5.e3 c6 6.Nf3 Qa5 7.Bxf6
Nxf6 8.Nd2 Bb4 9.Qc2 O-O 10.Bd3 dxc4 11.Nxc4 Qg5 12.O-O c5 13.f4
Qh6 14.Ne5 cxd4 15.exd4 Bxc3 16.bxc3 Nd5 17.Rf3 f5 18.Raf1 b6
19.Bb5 g6 20.Bc6 Rb8 21.Bxd5 exd5 22.Qb3 Be6 23.Re3 Rfc8 24.Nxg6
hxg6 25.Rxe6 Rc4 26.Qb5 Rd8 27.Re8+ Rxe8 28.Qxe8+ Kh7 29.Rf3
Kg7 30.Re3 Qxf4 31.Re7+ Kh6 32.Re3 Kg7 33.Qd7+ Kh6 34.Rh3+ Kg5
35.Qe7+ Kg4 36.Qh4# 1-0